MARC

Tag First Indicator Second Indicator Subfields
LEADER 00000cam a2200000 i 4500
001 in00004426558
005 20210728141706.0
006 m o d
007 cr |||||||||||
008 200421s2021 paua ob 001 0 eng
010 |a  2020018693 
020 |a 9781799848745  |q electronic book 
020 |a 1799848744  |q electronic book 
020 |z 9781799848738  |q hardcover 
020 |z 9781799858294  |q paperback 
024 8 |a 40030420387 
035 |a (DLC)ybp16982596 
040 |a NhCcYBP  |c NhCcYBP  |d UtOrBLW 
042 |a pcc 
050 4 |a QA76.583  |b .C37 2021 
082 0 0 |a 004.67/8  |2 23 
245 0 0 |a Cases on edge computing /  |c Paranthaman Ambika, A. Cecil Donald, A. Dalvin Vinoth Kumar. 
264 1 |a Hershey, PA :  |b Engineering Science Reference, an imprint of IGI Global,  |c [2021] 
300 |a 1 online resource. 
336 |a text  |b txt  |2 rdacontent 
337 |a computer  |b c  |2 rdamedia 
338 |a online resource  |b cr  |2 rdacarrier 
490 1 |a Advances in computational intelligence and robotics (ACIR) book series 
500 |a "Premier Reference Source" -- taken from front cover. 
504 |a Includes bibliographical references and index. 
505 0 |a Chapter 1. Edge architecture integration of technologies -- Chapter 2. Architecture of IoT and challenges -- Chapter 3. Internet of things (IoT): the standard protocol suite for communication networks -- Chapter 4. Overview of edge computing and its exploring characteristics -- Chapter 5. IoT trends -- Chapter 6. Deep learning with analytics on edge -- Chapter 7. Innovative concepts and techniques of data analytics in edge computing paradigms -- Chapter 8. Generic issue in edge computing and use cases -- Chapter 9. Data security and privacy requirements in edge computing: a systemic review -- Chapter 10. Data security and privacy-preserving in edge computing: cryptography and trust management systems -- Chapter 11. IoE-enabled healthcare 4.0 systems -- Chapter 12. Constructive solutions for security and privacy issues at the edge: securing edge framework a healthcare application use case -- Chapter 13. Edge computing and IoT technologies for medical applications: a case study on healthcare monitoring. 
588 |a Description based on online resource; title from digital title page (viewed on March 24, 2021). 
500 |a Electronic resource. 
650 0 |a Edge computing  |v Case studies. 
650 0 |a Internet of things  |v Case studies. 
655 7 |a Electronic books.  |2 local 
700 1 |a Ambika, Paranthaman,  |d 1982-  |e editor.  |0 http://id.loc.gov/authorities/names/n2020028701 
700 1 |a Donald, A. Cecil,  |d 1990-  |e editor.  |0 http://id.loc.gov/authorities/names/n2020028703 
700 1 |a Kumar, A. Dalvin Vinoth,  |d 1989-  |e editor.  |0 http://id.loc.gov/authorities/names/n2020028705 
710 2 |a IGI Global Online. 
776 1 8 |i Print version:  |t Cases on edge computing  |d Hershey, PA : Engineering Science Reference, an imprint of IGI Global, [2021]  |z 9781799848738  |w (DLC) 2020018692 
830 0 |a Advances in computational intelligence and robotics (ACIR) book series.  |0 http://id.loc.gov/authorities/names/n2014187810 
856 4 0 |u http://proxy.library.tamu.edu/login?url=https://dx.doi.org/10.4018/978-1-7998-4873-8  |z Connect to the full text of this electronic book  |t 0 
945 |b 820397 
955 |a YBP purchased approval e-records 
980 |b 215.00  |g 1 
999 f f |s 663ccda5-9fa9-36ed-a837-97ce318132bd  |i a9a21745-bbbb-330d-a60f-ef3531b9344a  |t 0 
952 f f |a Texas A&M University  |b College Station  |c Electronic Resources  |d Available Online  |t 0  |e QA76.583 .C37 2021  |h Library of Congress classification 
998 f f |a QA76.583 .C37 2021  |t 0  |l Available Online